000 00626nam a2200229Ia 4500
003 OSt
005 20221006164457.0
006 a|||||r|||| 00| 0
007 ta
008 221006b |||||||| |||| 00| 0 eng d
024 _a6,729
037 _cTextual
040 _aFML
_cFML
_beng
041 _2eng
_aeng
082 _aQ2:4, 111K3
100 _aAgrawala Vasudev Sharan Au.
_9677028
245 0 _aSolar Symbolism Of The Boar
260 _aVaranasi
_bPrithvi Prakashan India
_c1963
300 _a40
_ccm.
942 _hQ2:4, 111K3
_cTEXL
_2CC
999 _c1117401
_d1117401